Góp phần tìm hiểu văn hoá người Hoa ở Thành phố Hồ Chí Minh /
Spremljeno u:
| Daljnji autori: | , , , , , , |
|---|---|
| Format: | Sách giấy |
| Jezik: | Vietnamese |
| Izdano: |
H. :
Khoa học Xã hội,
2007.
|
| Teme: | |
| Oznake: |
Dodaj oznaku
Bez oznaka, Budi prvi tko označuje ovaj zapis!
|
| Thư viện lưu trữ: | Thư viện Trường Đại học Đà Lạt |
|---|
| LEADER | 01158nam a2200409 4500 | ||
|---|---|---|---|
| 001 | DLU090065227 | ||
| 005 | ##20090316 | ||
| 040 | # | # | |a DLU |b vie |
| 041 | # | # | |a vie |
| 044 | # | # | |a vn |
| 082 | # | # | |a 305.895 105 97 |b Gop |
| 245 | # | # | |a Góp phần tìm hiểu văn hoá người Hoa ở Thành phố Hồ Chí Minh / |c Trần Hồng Liên, ... [và những người khác]. |
| 260 | # | # | |a H. : |b Khoa học Xã hội, |c 2007. |
| 300 | # | # | |a 256 tr. : |b minh hoạ ; |c 21 cm. |
| 504 | # | # | |a Tài liệu tham khảo: tr.227. |
| 653 | # | # | |a Cộng đồng dân cư |
| 653 | # | # | |a Dân tộc học |
| 653 | # | # | |a Người Trung Quốc |
| 653 | # | # | |a Văn hoá truyền thống |
| 700 | # | # | |a Đào Huy Quyền. |
| 700 | # | # | |a Nguyễn Hiếu Tín. |
| 700 | # | # | |a Nguyễn Thành Đức. |
| 700 | # | # | |a Phan Thanh Lời. |
| 700 | # | # | |a Tôn Tú Anh. |
| 700 | # | # | |a Trần Hồng Liên. |
| 700 | # | # | |a Vương Hoàng Trù. |
| 923 | # | # | |a 22/2008 |
| 991 | # | # | |a SH |
| 992 | # | # | |a 28000 |
| 994 | # | # | |a DLU |
| 900 | # | # | |a True |
| 911 | # | # | |a Đào Thị Thu Huyền |
| 925 | # | # | |a G |
| 926 | # | # | |a A |
| 927 | # | # | |a SH |
| 980 | # | # | |a Thư viện Trường Đại học Đà Lạt |